| 000 | 00782cam a22002294a 4500 | ||
|---|---|---|---|
| 020 | _a0132281414 | ||
| 020 | _a9780132281416 | ||
| 082 | 0 | 0 |
_a624.18341 _bMAC _cM-38,L-118 |
| 100 | 1 | _aMacGregor, James G. | |
| 245 | 1 | 0 |
_aReinforced concrete : _bmechanics and design _cJames G. MacGregor, James K. Wight. |
| 250 | _a5th ed. | ||
| 260 |
_aUpper Saddle River, N.J. : _bPrentice Hall, _cc2009. |
||
| 300 |
_axvi, 1112 p. : _bill. ; _c26 cm. |
||
| 526 |
_a0 _b0 _c0 _d624_183410000000000_MAC |
||
| 526 |
_a0 _b0 _c0 _d624_183410000000000_MAC |
||
| 526 |
_a0 _b0 _c0 _d624_183410000000000_MAC |
||
| 526 |
_a0 _b0 _c0 _d624_183410000000000_MAC |
||
| 650 | 0 | _aReinforced concrete construction. | |
| 650 | 0 |
_aReinforced concrete. _940928 |
|
| 700 | 1 |
_aWight, James K. _918384 |
|
| 942 |
_2ddc _cBK |
||
| 999 |
_c548003 _d548003 |
||